000 00331nam a2200133Ia 4500
005 20251222140108.0
008 251222s1900||||xx |||||||||||||| ||spa||
020 _a84-7491-308-X
082 _a115/A48
100 _aAlvarado, Rafael & otros
245 0 _aSimposio sobre el Tiempo
264 _bUniversidad Complutense
942 _cLIB
999 _c4196
_d4196